Manolo Tavárez y las guerrillas constitucionalistas de 1963 : (Registro nro. 8605)

Detalles MARC
000 -LIDER
fixed length control field 01306nam a2200337 a 4500
001 - NÚMERO DE CONTROL
Identificador de número de control 000003017
003 - IDENTIFICACDOR DE NÚMERO DE CONTROL
control field DO-SdBNP
005 - DATE AND TIME OF LATEST TRANSACTION
control field 20210920134306.0
007 - CAMPOS FIJOS DE DESCRIPCIÓN FÍSICA
fixed length control field 000003017
008 - ELEMENTOS DE LONGITUD FIJA
fixed length control field 090706s2008 dr a 001 0 spa d
020 ## - ISBN
International Standard Book Number 9789945162257
040 ## - FUENTE DE CATALOGACIÓN
Agencia que crea de manera original el registro BPMSU
Idioma de catalogación spa
Agencia que realiza la transcripción BPMSU
082 #4 - NÚMERO DE CLASIFICACIÓN DECIMAL DE DEWEY
Classification number 972.93054
Item number P944m 2008
Edition number 22
100 1# - ASIENTO PRINCIPAL -- NOMBRE PERSONAL
Nombre personal Pérez Modesto, Rafael
245 10 - MENCIÓN DE TITULO
Título Manolo Tavárez y las guerrillas constitucionalistas de 1963 :
Subtítulo análisis crítico /
Mención de responsabilidad Rafael Pérez Modesto ; cuidado de edición Edgar Valenzuela ; corrección José Chez Checo, Juan Daniel Balcácer, Eric Simó.
260 ## - PUBLICACIÓN, DISTRIBUCIÓN, ETC. (PIE DE IMPRENTA)
Lugar de publicación, distribución, etc Santo Domingo :
Nombre del editor, distribuidor, etc. Búho,
Fecha de publicación, distribución, etc 2008.
300 ## - DESCRIPCIÓN FÍSICA
Extensión 63 p. :
Otros detalles físicos il. ;
Dimensiones 21 cm.
490 0# - MENCIÓN DE SERIES
Mención de serie Conferencias,
Volume/sequential designation 1
500 ## - NOTA GENERAL
Nota general Incluye datos biográficos del autor en la solapa de la cubierta
500 ## - NOTA GENERAL
Nota general Conferencia pronunciada en la Academia Dominicana de la Historia
590 ## - NOTA LOCAL
Enlace Inventariado, 2021/VM
600 14 - ENCABEZAMIENTO DE MATERIA--NOMBRE PERSONAL
Nombre personal Tavárez Justor, Manuel
Fechas asociadas con el nombre 1931-1963
650 #4 - ENCABEZAMIENTO DE MATERIA--TEMÁTICO
Término temático o nombre geográfico como elemento de entrada Guerrillas
Subdivisión geográfica República Dominicana
Subdivisión temática general Historia
Subdivisión cronológica Siglo XX
651 #4 - ENCABEZAMIENTO DE MATERIA--NOMBRE GEOGRÁFICO
Nombre geográfico República Dominicana
Subdivisión temática general Historia
Subdivisión cronológica Erade Trujillo, 1930-1961
700 1# - ASIENTO SECUNDARIO -- NOMBRE PERSONAL
Nombre personal Valenzuela, Edgar,
700 1# - ASIENTO SECUNDARIO -- NOMBRE PERSONAL
Nombre personal Chez Checo, José,
Mención de responsabilidad corr.
700 1# - ASIENTO SECUNDARIO -- NOMBRE PERSONAL
Nombre personal Balcácer, Juan Daniel,
Mención de responsabilidad cor.
700 1# - ASIENTO SECUNDARIO -- NOMBRE PERSONAL
Nombre personal Simó, Eric,
Mención de responsabilidad cor.
910 ## - VALIDACIÓN
Validación VMateo V.
942 ## - ADDED ENTRY ELEMENTS (KOHA)
Source of classification or shelving scheme Dewey Decimal Classification
Koha item type Libros
Existencias
Withdrawn status Lost status Source of classification or shelving scheme Damaged status Not for loan Collection code Home library Current library Date acquired Source of acquisition Total Checkouts Full call number Barcode Date last seen Price effective from Koha item type Copy number
    Dewey Decimal Classification     Colección Dominicana Biblioteca Pública Metropolitana Salomé Ureña Biblioteca Pública Metropolitana Salomé Ureña 11/06/2015 FUNDI   BPMSU CD 972.93054 P944m 2008 BPMSU16111576 11/06/2015 11/06/2015 Libros  
    Dewey Decimal Classification     Colección Dominicana Biblioteca Pública Metropolitana Salomé Ureña Biblioteca Pública Metropolitana Salomé Ureña 11/06/2015 FUNDI   BPMSU CD 972.93054 P944m 2008 BPMSU21090072 09/20/2021 11/06/2015 Libros e.2
    Dewey Decimal Classification     Colección Dominicana Biblioteca Pública Metropolitana Salomé Ureña Biblioteca Pública Metropolitana Salomé Ureña 11/06/2015 FUNDI   BPMSU CD 972.93054 P944m 2008 BPMSU21090073 09/20/2021 11/06/2015 Libros e.3